| 000 | 00848nam a2200253 a 4500 | ||
|---|---|---|---|
| 999 |
_c9499 _d9499 |
||
| 001 | 9499 | ||
| 003 | BD-JhCC | ||
| 005 | 20180320164023.0 | ||
| 008 | 180315s1994 bg a|||| ||a| 000 0 ben d | ||
| 035 | _a(BD-JhCC)9499 | ||
| 040 |
_aBD-JhCC _dBD-JhCC |
||
| 041 | _aben | ||
| 082 |
_a581 _bMIA 1994 |
||
| 100 | _aমিঞা, মো: আব্দুল মমিন | ||
| 245 |
_aউচ্চ মাধ্যমিক উদ্ভিদবিজ্ঞান / _cমো: আব্দুল মমিন মিঞা এবং আমজাদ আলী খান |
||
| 260 |
_aঢাকা : _bআইডিয়াল লাইব্রেরী, _c1994 |
||
| 300 |
_a697 p. : _c26 cm. |
||
| 650 | _aPlants | ||
| 650 | _aBotany | ||
| 650 | _aBiology | ||
| 700 | _aখান, আমজাদ আলী | ||
| 942 |
_2ddc _cBK |
||